| 000 | 00922nam a2200289 a 4500 | ||
|---|---|---|---|
| 001 | 3807628 | ||
| 003 | NUST - PNEC | ||
| 005 | 20170116181056.0 | ||
| 008 | 850524s1986 maua b 001 0 eng | ||
| 010 | _a 85071870 | ||
| 020 | _a089006184X | ||
| 040 |
_aDLC _cLIBRARY _dDLC |
||
| 041 | 1 | _aengfre | |
| 050 | 0 | 0 |
_aTK5105 _b.F6613 1986 |
| 082 | 0 | 0 |
_a621.38 FON _219 |
| 100 | 1 |
_aFontolliet, P.-G. _q(Pierre-Gérard) |
|
| 240 | 1 | 0 |
_aSystèmes de télécommunications. _lEnglish |
| 245 | 1 | 0 |
_aTelecommunication systems / _cPierre-Girard [i.e. Gérard] Fontolliet. |
| 260 |
_aDedham, MA : _bArtech House, _cc1986. |
||
| 300 |
_axii, 586 p. : _bill. ; _c24 cm. |
||
| 440 | 4 | _aThe Artech House telecom library | |
| 500 | _aTranslation of: Systèmes de télécommunications. | ||
| 500 | _aIncludes index. | ||
| 504 | _aBibliography: p. [562]-564. | ||
| 650 | 0 |
_aTelecommunication systems. _xMS COM |
|
| 942 |
_2ddc _cBK |
||
| 999 |
_c68549 _d68549 |
||